000
00289nam a22001337a 4500
008
170831b xxu||||| |||| 00| 0 eng d
020
_a
2900534620195
041
_a
eng
080
_2
4 ED
_a
070
100
_a
40
101
_a
MED
245
_a
MEDIA NOW
_c
LAROSE.S
942
_2
udc
_c
BK
999
_c
25681
_d
25681